000
00465nam a2200145Ia 4500
008
100204s9999 xx 000 0 und d
082
_b
6723
100
_a
आठवले भा. वा.
245
_a
देवाची माणसे
260
_b
"उदयदीप प्रकाशन , मुंबई"
_c
1984
300
_a
155
630
_a
देवाची माणसे
730
_a
देवाची माणसे
942
_c
BOOK
999
_c
451161
_d
451158